Gobierno y administración de la República Argentina (Registro nro. 6821)
[ vista simple ]
| 000 -LEADER | |
|---|---|
| fixed length control field | 01542 a2200217 4500 |
| 001 - CONTROL NUMBER | |
| control field | 59784 |
| 005 - DATE AND TIME OF LATEST TRANSACTION | |
| control field | 20260407155851.0 |
| 008 - FIXED-LENGTH DATA ELEMENTS--GENERAL INFORMATION | |
| fixed length control field | 260407a1959 arg spa d |
| 003 - CONTROL NUMBER IDENTIFIER | |
| control field | AR-UNSa-BCEJYS |
| 040 ## - CATALOGING SOURCE | |
| Original cataloging agency | AR-UNSa-BCEJYS |
| Language of cataloging | spa |
| Transcribing agency | AR-UNSa-BCEJYS |
| 080 ## - UNIVERSAL DECIMAL CLASSIFICATION NUMBER | |
| Universal Decimal Classification number | 342.5 |
| Common auxiliary subdivision | Poderes del estado. Sistema y función de los órganos del gobierno |
| 041 ## - LANGUAGE CODE | |
| Language code of text/sound track or separate title | spa |
| 100 1# - MAIN ENTRY--PERSONAL NAME | |
| Personal name | Linares Quintana, Segundo V. |
| 245 10 - TITLE STATEMENT | |
| Title | Gobierno y administración de la República Argentina |
| 250 ## - EDITION STATEMENT | |
| Edition statement | 2a. ed. |
| 264 #1 - PRODUCTION, PUBLICATION, DISTRIBUTION, MANUFACTURE, AND COPYRIGHT NOTICE | |
| Place of production, publication, distribution, manufacture | Buenos Aires : |
| Name of producer, publisher, distributor, manufacturer | TEA (Tipográfica Editora Argentina) |
| Date of production, publication, distribution, manufacture, or copyright notice | 1959 |
| 300 ## - PHYSICAL DESCRIPTION | |
| Extent | 2 v. (515 ; 453 p.) |
| Dimensions | 23 cm. |
| 505 ## - FORMATTED CONTENTS NOTE | |
| Formatted contents note | Vol. I: 1. Derecho - 2. La organización política de los estados modernos. La era constitucional en Europa y en América - 3. El Estado moderno y sus funciones – 4. Agentes del servicio público – 5. La constitución argentina: sus antecedentes – 6. Caracteres de la forma representativa republicana federal – 7. Poder ejecutivo – 8. Poder judicial – 9. Formación del Tesoro Nacional -- Vol. II: 10. Derecho público provincial – 11. Régimen municipal – 12. Organización administrativa argentina – 13. Régimen aduanero – 14. Régimen legal de la tierra pública – 15. Tributos – 16. Régimen de recaudación, inversión y contralor – 17. Derechos y garantías constitucionales – 18. Limitaciones administrativas a la propiedad privada – 19. Suspensión de las garantías constitucionales – 20. Responsabilidad del estado |
| 590 ## - LOCAL NOTE (RLIN) | |
| Local note | niveau_biblio:m niveau_hierar:0 |
| 942 ## - ADDED ENTRY ELEMENTS (KOHA) | |
| Koha item type | |
| Withdrawn status | Lost status | Damaged status | Not for loan | Home library | Current library | Shelving location | Date acquired | Total checkouts | Full call number | Barcode | Date last seen | Price effective from | Koha item type |
|---|---|---|---|---|---|---|---|---|---|---|---|---|---|
| Biblioteca Prof. Eusebio Cleto del Rey | Biblioteca Prof. Eusebio Cleto del Rey | 07/04/2026 | 342.5 L735 v.1 2ed. | L20483 | 07/04/2026 | 07/04/2026 | Libro | ||||||
| Biblioteca Prof. Eusebio Cleto del Rey | Biblioteca Prof. Eusebio Cleto del Rey | 07/04/2026 | 342.5 L735 v.2 2ed. | L20484 | 07/04/2026 | 07/04/2026 | Libro | ||||||
| Biblioteca Prof. Eusebio Cleto del Rey | Biblioteca Prof. Eusebio Cleto del Rey | 07/04/2026 | 342.5 L735 v.1 2ed. | L20842 | 07/04/2026 | 07/04/2026 | Libro | ||||||
| Biblioteca Prof. Eusebio Cleto del Rey | Biblioteca Prof. Eusebio Cleto del Rey | 07/04/2026 | 342.5 L735 v.2 2ed. | L20843 | 07/04/2026 | 07/04/2026 | Libro |